Từ điển kinh doanh thế giới Anh - Việt : Bách khoa về kinh doanh - tài chính (Trên 130000 mục từ và định nghĩa)

Shranjeno v:
Bibliografske podrobnosti
Format: Knjiga
Jezik:Vietnamese
English
Izdano: Tp.HCM : Nxb Đồng Nai, 1997.
Teme:
Oznake: Označite
Brez oznak, prvi označite!
Thư viện lưu trữ: Mạng thư viện Đại học Đà Nẵng
LEADER 00858cam a2200313 i 4500
001 000043491
003 1461
005 20030929091425.0
008 010217b1997 vm 000 vie
022 |a T 
040 |a IRC  |c IRC  |d IRC 
041 0 |a vie  |a eng 
082 1 4 |a 658.03  |b Tư-Đ 
245 0 0 |a Từ điển kinh doanh thế giới Anh - Việt :  |b Bách khoa về kinh doanh - tài chính (Trên 130000 mục từ và định nghĩa) 
260 |a Tp.HCM :  |b Nxb Đồng Nai,  |c 1997. 
300 |a 2020tr. ;  |c 20,5cm. 
630 0 4 |a Từ điển. 
630 0 4 |a Kinh doanh. 
650 0 4 |a Kinh doanh  |v Từ điển. 
OWN |a DUT 
999 |a From the UDN01 
TYP |a Monograph 
TYP |a Printed language 
980 |a Mạng thư viện Đại học Đà Nẵng